<?xml version="1.0" encoding="UTF-8"?>
<record
    xmlns:xsi="http://www.w3.org/2001/XMLSchema-instance"
    xsi:schemaLocation="http://www.loc.gov/MARC21/slim http://www.loc.gov/standards/marcxml/schema/MARC21slim.xsd"
    xmlns="http://www.loc.gov/MARC21/slim">

  <leader>03859nam a2200421 a 4500</leader>
  <controlfield tag="001">000035922</controlfield>
  <controlfield tag="003">DO-SdBNP</controlfield>
  <controlfield tag="005">20171009095259.0</controlfield>
  <controlfield tag="007">000035922</controlfield>
  <controlfield tag="008">111116s2011    dr            000 p spa d</controlfield>
  <datafield tag="020" ind1=" " ind2=" ">
    <subfield code="a">9789993446118</subfield>
  </datafield>
  <datafield tag="040" ind1=" " ind2=" ">
    <subfield code="a">BPMSU</subfield>
    <subfield code="b">spa</subfield>
    <subfield code="c">BPMSU</subfield>
  </datafield>
  <datafield tag="082" ind1=" " ind2=" ">
    <subfield code="a">RD861.4409</subfield>
    <subfield code="b">R789L</subfield>
  </datafield>
  <datafield tag="100" ind1="1" ind2=" ">
    <subfield code="a">Rosario Candelier, Bruno,</subfield>
    <subfield code="d">1941-</subfield>
  </datafield>
  <datafield tag="245" ind1="1" ind2="3">
    <subfield code="a">La l&#xED;rica metaf&#xED;sica :</subfield>
    <subfield code="b">la conciencia trascendente en la poes&#xED;a dominicana /</subfield>
    <subfield code="c">Bruno Rosario Candelier.</subfield>
  </datafield>
  <datafield tag="260" ind1="0" ind2=" ">
    <subfield code="a">Santo Domingo :</subfield>
    <subfield code="b">Ateneo Insular Internacional,</subfield>
    <subfield code="c">2011</subfield>
  </datafield>
  <datafield tag="300" ind1=" " ind2=" ">
    <subfield code="a">602 p. ;</subfield>
    <subfield code="c">23 cm.</subfield>
  </datafield>
  <datafield tag="490" ind1="1" ind2=" ">
    <subfield code="a">Por las amenas liras</subfield>
    <subfield code="v">9</subfield>
  </datafield>
  <datafield tag="500" ind1=" " ind2=" ">
    <subfield code="a">Incluye &#xED;ndice onom&#xE1;stico.</subfield>
  </datafield>
  <datafield tag="500" ind1=" " ind2=" ">
    <subfield code="a">Incluye referencias bibliogr&#xE1;ficas y notas al pie de las p&#xE1;ginas</subfield>
  </datafield>
  <datafield tag="505" ind1="0" ind2=" ">
    <subfield code="t">Introducci&#xF3;n. Poes&#xED;a, intuici&#xF3;n y revelaci&#xF3;n --</subfield>
    <subfield code="t">La intuici&#xF3;n metaf&#xED;sica en la poes&#xED;a de Domingo Moreno Jimenes --</subfield>
    <subfield code="t">Visi&#xF3;n metaf&#xED;sica en Los hu&#xE9;spedes secretos de Manuel del Cabral --</subfield>
    <subfield code="t">Las &#xED;nsulas extra&#xF1;as de H&#xE9;ctor Inch&#xE1;ustegui Cabral--</subfield>
    <subfield code="t">La iluminaci&#xF3;n interior en la poes&#xED;a de Franklin Mieses Burgo --</subfield>
    <subfield code="t">La criatura iluminada de Manuel Rueda --</subfield>
    <subfield code="t">Metaf&#xED;sica de la pasi&#xF3;n en Melba Marrero de Munn&#xE9; --</subfield>
    <subfield code="t">La pasi&#xF3;n metaf&#xED;sica en la poes&#xED;a de Manuel Valerio --</subfield>
    <subfield code="t">El aliento metaf&#xED;sico en Antonio Fern&#xE1;ndez Spencer --</subfield>
    <subfield code="t">La visi&#xF3;n metaf&#xED;sica en la l&#xED;rica de Lupo Hern&#xE1;ndez Rueda --</subfield>
    <subfield code="t">El aliento num&#xE9;rico en la l&#xED;rica de M&#xE1;ximo Avil&#xE9;s Blonda --</subfield>
    <subfield code="t">El sentido humanizante en la poes&#xED;a de Ram&#xF3;n Emilio Reyes --</subfield>
    <subfield code="t">La interrogaci&#xF3;n metaf&#xED;sica en la l&#xED;rica de Jos&#xE9; Enrique Garc&#xED;a --</subfield>
    <subfield code="t">La angustia metaf&#xED;sica en la poes&#xED;a de Cayo Claudio Espinal --</subfield>
    <subfield code="t">Metaf&#xED;sica de la conciencia en la l&#xED;rica interior de Pedro Jos&#xE9; Gris --</subfield>
    <subfield code="t">La conexi&#xF3;n c&#xF3;smica de Sally Rodr&#xED;guez --</subfield>
    <subfield code="t">Metaf&#xED;sica de la creaci&#xF3;n en la l&#xED;rica de Jos&#xE9; Frank Rosario --</subfield>
    <subfield code="t">La conciencia interior en la l&#xED;rica metaf&#xED;sica de Le&#xF3;n David --</subfield>
    <subfield code="t">La clave metaf&#xED;sica en "Evasiones", poemario de Chiqui Vicioso --</subfield>
    <subfield code="t">La visi&#xF3;n imaginaria y trascendente en Ram&#xF3;n Antonio Jim&#xE9;nez --</subfield>
    <subfield code="t">El sentimiento c&#xF3;smico en la creci&#xF3;n po&#xE9;tica de Iki Tejada --</subfield>
    <subfield code="t">Metaf&#xED;sica de la experiencia en Carmen P&#xE9;rez Valerio --</subfield>
    <subfield code="t">Imagen arquet&#xED;pica y protoidioma en la l&#xED;rica de No&#xE9; Zayas --</subfield>
    <subfield code="t">La intuici&#xF3;n metaf&#xED;sica en la l&#xED;rica de &#xC1;ngel Rivera Juliao --</subfield>
    <subfield code="t">Dimensi&#xF3;n metaf&#xED;sica en al visi&#xF3;n tel&#xFA;rica de J. Tatem Brache --</subfield>
    <subfield code="t">La irradiaci&#xF3;n metaf&#xED;sica en la l&#xED;rica simb&#xF3;lica de Jos&#xE9; Acosta --</subfield>
    <subfield code="t">La clave metaf&#xED;sica y simb&#xF3;lica en la l&#xED;rica de Julio Adames --</subfield>
    <subfield code="t">Expresi&#xF3;n est&#xE9;tica y pensamiento en la poes&#xED;a de Jos&#xE9; M&#xE1;rmol --</subfield>
    <subfield code="t">El simbolismo trascendente en la poes&#xED;a de Leopoldo Minaya --</subfield>
  </datafield>
  <datafield tag="505" ind1="0" ind2=" ">
    <subfield code="t">La voz c&#xF3;smica de Kariana Rieke --</subfield>
    <subfield code="t">Conciencia y creaci&#xF3;n po&#xE9;tica en la l&#xED;rica de Roberto Jos&#xE9; Adames --</subfield>
    <subfield code="t">La l&#xED;rica interior de Farah Hallal --</subfield>
    <subfield code="t">El aliento metaf&#xED;sico en la l&#xED;rica de Fari Rosario --</subfield>
    <subfield code="t">Metaf&#xED;sica de las sensaciones en la l&#xED;rica amorosa de Tony Raful --</subfield>
    <subfield code="t">La metaf&#xED;sica simb&#xF3;lica en la poes&#xED;a de Fernando Cabrera --</subfield>
    <subfield code="t">La b&#xFA;squeda del sentido en la l&#xED;rica de Luis Mena Collado --</subfield>
    <subfield code="t">&#xCD;ndice onom&#xE1;stico.</subfield>
  </datafield>
  <datafield tag="650" ind1=" " ind2="4">
    <subfield code="a">POES&#xCD;A DOMINICANA</subfield>
    <subfield code="x">CR&#xCD;TICA E INTERPRETACI&#xD3;N</subfield>
  </datafield>
  <datafield tag="650" ind1=" " ind2="4">
    <subfield code="a">POES&#xCD;A DOMINICANA</subfield>
    <subfield code="x">HISTORIA Y CR&#xCD;TICA</subfield>
  </datafield>
  <datafield tag="650" ind1=" " ind2="4">
    <subfield code="a">AUTORES DOMINICANOS</subfield>
    <subfield code="x">CR&#xCD;TICA E INTERPRETACI&#xD3;N</subfield>
  </datafield>
  <datafield tag="650" ind1=" " ind2="4">
    <subfield code="a">LITERATURA DOMINICANA</subfield>
    <subfield code="x">HISTORIA Y CR&#xCD;TICA</subfield>
  </datafield>
  <datafield tag="830" ind1=" " ind2="0">
    <subfield code="a">Por las amenas liras</subfield>
    <subfield code="v">9</subfield>
  </datafield>
  <datafield tag="910" ind1=" " ind2=" ">
    <subfield code="a">Validado. Control de calidad BNPHU</subfield>
  </datafield>
  <datafield tag="930" ind1=" " ind2="1">
    <subfield code="l">BND01</subfield>
    <subfield code="m">LF1</subfield>
    <subfield code="8">20141216</subfield>
    <subfield code="f">04</subfield>
    <subfield code="p">HD</subfield>
    <subfield code="g">45876</subfield>
  </datafield>
  <datafield tag="930" ind1=" " ind2="1">
    <subfield code="l">BND01</subfield>
    <subfield code="m">LF1</subfield>
    <subfield code="h">RD861.4409</subfield>
    <subfield code="8">20111116</subfield>
    <subfield code="f">04</subfield>
    <subfield code="p">HD</subfield>
    <subfield code="g">32734</subfield>
    <subfield code="h">e. 2</subfield>
  </datafield>
  <datafield tag="930" ind1=" " ind2="1">
    <subfield code="l">BND01</subfield>
    <subfield code="m">LF1</subfield>
    <subfield code="h">RD861.4409</subfield>
    <subfield code="8">20131017</subfield>
    <subfield code="f">01</subfield>
    <subfield code="p">HD</subfield>
    <subfield code="g">41254</subfield>
    <subfield code="h">e. 3</subfield>
  </datafield>
  <datafield tag="942" ind1=" " ind2=" ">
    <subfield code="2">ddc</subfield>
    <subfield code="c">BK</subfield>
  </datafield>
  <datafield tag="945" ind1=" " ind2=" ">
    <subfield code="a">Inventariado, 2017/MFF</subfield>
  </datafield>
  <datafield tag="952" ind1=" " ind2=" ">
    <subfield code="0">0</subfield>
    <subfield code="1">0</subfield>
    <subfield code="2">ddc</subfield>
    <subfield code="4">0</subfield>
    <subfield code="7">0</subfield>
    <subfield code="8">CD</subfield>
    <subfield code="a">BPMET</subfield>
    <subfield code="b">BPMET</subfield>
    <subfield code="d">2015-08-25</subfield>
    <subfield code="l">0</subfield>
    <subfield code="o">RD861.4409 R789L</subfield>
    <subfield code="p">BPMSU15080458</subfield>
    <subfield code="r">2015-08-25</subfield>
    <subfield code="w">2015-08-25</subfield>
    <subfield code="y">BK</subfield>
  </datafield>
  <datafield tag="952" ind1=" " ind2=" ">
    <subfield code="0">0</subfield>
    <subfield code="1">0</subfield>
    <subfield code="2">ddc</subfield>
    <subfield code="4">0</subfield>
    <subfield code="7">0</subfield>
    <subfield code="8">CD</subfield>
    <subfield code="a">BPMET</subfield>
    <subfield code="b">BPMET</subfield>
    <subfield code="d">2015-08-25</subfield>
    <subfield code="l">0</subfield>
    <subfield code="o">RD861.4409 R789L</subfield>
    <subfield code="p">BPMSU15080459</subfield>
    <subfield code="r">2015-08-25</subfield>
    <subfield code="t">ej. 2</subfield>
    <subfield code="w">2015-08-25</subfield>
    <subfield code="y">BK</subfield>
  </datafield>
  <datafield tag="952" ind1=" " ind2=" ">
    <subfield code="0">0</subfield>
    <subfield code="1">0</subfield>
    <subfield code="2">ddc</subfield>
    <subfield code="4">0</subfield>
    <subfield code="7">0</subfield>
    <subfield code="8">CD</subfield>
    <subfield code="a">BPMET</subfield>
    <subfield code="b">BPMET</subfield>
    <subfield code="d">2015-08-25</subfield>
    <subfield code="l">0</subfield>
    <subfield code="o">RD861.4409 R789L</subfield>
    <subfield code="p">BPMSU15080460</subfield>
    <subfield code="r">2015-08-25</subfield>
    <subfield code="t">ej. 3</subfield>
    <subfield code="w">2015-08-25</subfield>
    <subfield code="y">BK</subfield>
  </datafield>
  <datafield tag="956" ind1=" " ind2=" ">
    <subfield code="a">NMORDAN</subfield>
    <subfield code="b">10</subfield>
    <subfield code="c">20111116</subfield>
    <subfield code="l">BND01</subfield>
    <subfield code="h">1121</subfield>
  </datafield>
  <datafield tag="956" ind1=" " ind2=" ">
    <subfield code="a">MGARCIA</subfield>
    <subfield code="b">10</subfield>
    <subfield code="c">20111122</subfield>
    <subfield code="l">BND01</subfield>
    <subfield code="h">1124</subfield>
  </datafield>
  <datafield tag="956" ind1=" " ind2=" ">
    <subfield code="a">MMOLINA</subfield>
    <subfield code="b">40</subfield>
    <subfield code="c">20131206</subfield>
    <subfield code="l">BND01</subfield>
    <subfield code="h">1202</subfield>
  </datafield>
  <datafield tag="956" ind1=" " ind2=" ">
    <subfield code="a">VMATEO</subfield>
    <subfield code="b">10</subfield>
    <subfield code="c">20150825</subfield>
    <subfield code="l">BPMSU</subfield>
    <subfield code="h">00151</subfield>
  </datafield>
  <datafield tag="999" ind1=" " ind2=" ">
    <subfield code="c">8216</subfield>
    <subfield code="d">8216</subfield>
  </datafield>
</record>
